Srovnání konvergence ekonomik ČR a vybraných zemí eurozóny na základe analýzy funkcí odezvy a nabídkových či poptávkových šoků

Ekonometrická analýza pripravenosti českej ekonomiky na predpokladaný vstup do eurozóny so zreteľom na krízový vývoj v rokoch 2008-2010 a odhad možných nákladov vyplývajúcich zo straty samostatnej monetárnej politiky.

Guardado en:
Detalles Bibliográficos
Autor principal: Hušek, Roman
Otros Autores: Formánek, Tomáš
Formato: Capítulo de libro
Lenguaje:checo
Materias:
Etiquetas: Agregar Etiqueta
Sin Etiquetas, Sea el primero en etiquetar este registro!

MARC

LEADER 00000naa a2200000 4500
001 0135464
005 20231207120038.1
041 0 |a cze 
044 |a CZ 
245 1 0 |a Srovnání konvergence ekonomik ČR a vybraných zemí eurozóny na základe analýzy funkcí odezvy a nabídkových či poptávkových šoků  |c Roman Hušek, Tomáš Formánek 
520 |a Ekonometrická analýza pripravenosti českej ekonomiky na predpokladaný vstup do eurozóny so zreteľom na krízový vývoj v rokoch 2008-2010 a odhad možných nákladov vyplývajúcich zo straty samostatnej monetárnej politiky. 
610 2 0 |a analýza ekonometrická 
610 2 0 |a Česko 
610 2 0 |a politika menová 
610 2 0 |a analýza komparatívna 
610 2 0 |a Európska menová únia 
100 1 |a Hušek, Roman 
700 1 |a Formánek, Tomáš